El radicalismo : (1891-1943) /

La Unión Cívica Radical, uno de los partidos más antiguos de la Argentina, fue el primero en transformarse en un partido moderno con representación en todo el país; posee una rica e importante historia.

Guardado en:
Autor Principal: Flax, Emanuel
Autor Corporativo: Canal Encuentro.
Formato: Deslizar
Publicado: Argentina, 2011
Series:Historia De Los Partidos Politicos
Materias:
Acceso en línea:https://www.educ.ar/recursos/100149/el-radicalismo-i-1891-1943
Etiquetas: Agregar Etiqueta
Sin Etiquetas, Sea el primero en etiquetar este registro!
LEADER 01135ngm a22003135g 4500
001 CEM.cems023577
008 130507s2011##################0###0#####d
005 20250609142348.0
245 1 0 |a El radicalismo :  |b (1891-1943) /  |c Emanuel Flax. 
260 |a Argentina,  |c 2011 
300 |a 28'. 
490 0 |a Historia De Los Partidos Politicos 
500 |a Consultar en ventanilla. 
538 |a Soporte: DVD - Color: Si - Grabación DRD 
520 |a La Unión Cívica Radical, uno de los partidos más antiguos de la Argentina, fue el primero en transformarse en un partido moderno con representación en todo el país; posee una rica e importante historia. 
100 1 |a Flax, Emanuel 
710 2 |a Canal Encuentro. 
082 9 8 |/ FLA 
653 |a HISTORIA 
653 |a HISTORIA ARGENTINA 
653 |a PARTIDOS POLITICOS 
653 |a RADICALISMO 
653 |a ALEM 
653 |a IRIGOYEN 
653 |a ALVEAR 
653 |a SERIE DE TELEVISIÓN 
653 |a DOCUMENTAL 
856 |u https://www.educ.ar/recursos/100149/el-radicalismo-i-1891-1943 
859 |a CEMS  |b BIB. CEMS - Depto. Recursos Didacticos  |h 982  |i FLA  |k DRD  |p 2220.15  |t Ej.1